000 00199nam a2200085Ia 4500
008 250605s9999 xx 000 0 und d
041 _aeng
100 _aDivyanshu Pandey
245 _aAU Small Finance Bank
999 _c45879
_d45879